E-planning has arrived (Record no. 117034)

MARC details
000 -LEADER
fixed length control field 00999cam a2200217 4500
001 - CONTROL NUMBER
control field WB4007-14
008 - FIXED-LENGTH DATA ELEMENTS--GENERAL INFORMATION
fixed length control field 040218n2004 000 0 eng u
035 ## - SYSTEM CONTROL NUMBER
System control number (Sirsi) u125184
245 ## - TITLE STATEMENT
Title E-planning has arrived
260 ## - PUBLICATION, DISTRIBUTION, ETC.
Date of publication, distribution, etc. 2004
490 ## - SERIES STATEMENT
Series statement ODPM News Release
Volume/sequential designation (2004/0035) 16 February 2004 (2)
520 ## - SUMMARY, ETC.
Summary, etc. ODPM has announced an integrated programme as part of the government drive towards putting the planning process online. By going online, government hopes to make the planning system faster and more efficient. Management of the Planning Portal, set up by the Planning Inspectorate in May 2002, will be transferred to ODPM. The Planning Portal can be found at http://www.planningportal.gov.uk/wps/portal. ODPM Press Release http://www.odpm.gov.uk/pns/DisplayPN.cgi?pn_id=200 4_0035
590 ## - LOCAL NOTE (RLIN)
Local note WB
590 ## - LOCAL NOTE (RLIN)
Local note WB
650 ## - SUBJECT ADDED ENTRY--TOPICAL TERM
Topical term or geographic name entry element PLANNING SYSTEM
650 ## - SUBJECT ADDED ENTRY--TOPICAL TERM
Topical term or geographic name entry element EPLANNING
650 ## - SUBJECT ADDED ENTRY--TOPICAL TERM
Topical term or geographic name entry element PLANNING REFORM
650 ## - SUBJECT ADDED ENTRY--TOPICAL TERM
Topical term or geographic name entry element PLANNING PORTAL
690 ## - LOCAL SUBJECT ADDED ENTRY--TOPICAL TERM (OCLC, RLIN)
Topical term or geographic name as entry element PLANNING PROCESS
942 ## - ADDED ENTRY ELEMENTS (KOHA)
Suppress in OPAC 0
Holdings
Withdrawn status Lost status Source of classification or shelving scheme Damaged status Not for loan Home library Current library Shelving location Date acquired Total Checkouts Full call number Barcode Date last seen Copy number Price effective from Koha item type
    Dewey Decimal Classification     London London News article 18/02/2004   WB4007-14 125184-1001 06/08/2019 1 06/08/2019 News article